| 000 | 00895nam a22002651a 4500 | ||
|---|---|---|---|
| 001 | 7090162 | ||
| 005 | 20110718133532.0 | ||
| 008 | 931019s1993 is a bc 001 0 eng d | ||
| 020 | _a9653870483 | ||
| 035 | _a(OCoLC)ocm29543254 | ||
| 035 | _9DXM-1689 | ||
| 035 | _a(DPUdb)446261 | ||
| 040 |
_aZCU _cZCU _dGZQ _dIAC _dDPUdb |
||
| 043 |
_ae------ _a-is--- |
||
| 049 | _aIACb | ||
| 090 |
_aND2575 _b.R69 1993 |
||
| 100 | 1 | _aRozenberg, Silvia. | |
| 245 | 1 | 0 | _aEnchanted landscapes : wall paintings fr. |
| 260 |
_aIsrael : _bSirkis, _c1993. |
||
| 300 | _a176 p. : ill. ; | ||
| 500 | _a"Published in conjunction with a special exhibition at the Bible Lands Museum Jerusalem, May 1993"--T.p. verso. | ||
| 504 | _a"Published in conjunction with a special exhibition at the Bible Lands Museum Jerusalem, May 1993"--T.p. verso. | ||
| 710 | 2 | _aBible Lands Museum Jerusalem. | |
| 994 |
_a02 _bIAC |
||
| 999 |
_c41482 _d41482 |
||